000 00477nam a2200181Ia 4500
005 20250326141638.0
008 250326s9999 xx 000 0 und d
037 _aTextbook
040 _aFMSL
_beng
_cFMSL
041 _aeng
_2eng
084 _qFMSL
100 _aMaciariello J A
_9743166
245 0 _aManagement control systems
_cMaciariello J A
260 _aLondon
_bLondon, Prentice Hall Int.
_c1984
300 _a605p
942 _cTB
999 _c1291290
_d1291290